000 00620nam a2200205Ia 4500
003 IN-BaIIA
008 211028s9999 xx 000 0 eng d
020 _a0-12-003820-X
040 _cIIA Library
080 _a047.1:539.18
_bADV-20
245 0 _aAdvances in atomic and molecular physics
_bvol. 20
_cedited by David Bates and Benjamin Bederson
260 _aOrlando
_bAcademic Press
_c1985
300 _ax, 477p.
650 _aAtomic physics
_91547
650 _aMolecular physics
_91914
650 _aNASA Thesaurus
700 _aBates, David, ed.
_914517
700 _aBederson, Benjamin, ed.
_913158
942 _cBK
999 _c8647
_d8647